000 01112nam a2200337 a 4500
001 ELB72813
003 FlNmELB
006 m o d |
007 cr cn|||||||||
008 201003r1998 mx |||||s|||||||||||spa d
020 _z9789687724775
035 _a(MiAaPQ)EBC3187909
035 _a(Au-PeEL)EBL3187909
035 _a(CaPaEBR)ebr10378258
035 _a(OCoLC)1105911793
040 _aFlNmELB
_bspa
_cFlNmELB
050 4 _aHB171.5
_bH558 1998
080 _a3
082 0 4 _a330
_222
100 1 _aHernández Castro, Jesús.
245 1 0 _aApuntes de economía II
_h[recurso electronico] /
_cJesús Hernández Castro.
260 _aMéxico :
_bInstituto Politécnico Nacional,
_c1998.
300 _a208 p.
533 _aRecurso electrónico. Santa Fe, Arg.: e-libro, 2015. Disponible vía World Wide Web. El acceso puede estar limitado para las bibliotecas afiliadas a e-libro.
650 4 _aEconomía
_xApuntes.
650 4 _aEconomics.
653 _aEconomia
655 4 _aLibros electrónicos.
710 2 _ae-libro, Corp.
856 4 0 _uhttps://elibro.net/ereader/usam/72813
999 _c150577
_d150577